[Event "GER-chT U16 Girls"]
[Site "Magdeburg"]
[Date "2023.12.29"]
[Round "5.6"]
[White "Fock, Madiha"]
[Black "Petrosyan, Ani"]
[Result "1-0"]
[WhiteElo "1697"]
[BlackElo "1493"]
[PlyCount "59"]
[EventDate "2023.12.26"]
[EventType "team-swiss"]
[EventRounds "7"]
[EventCountry "GER"]
[SourceTitle "CB03_2024"]
[SourceDate "2024.01.17"]
[SourceVersion "1"]
[SourceVersionDate "2024.01.17"]
[SourceQuality "1"]
[WhiteTeam "Oberschoeneweide"]
[BlackTeam "Norderstedt"]
[WhiteTeamCountry "GER"]
[BlackTeamCountry "GER"]

1. e4 c6 2. d4 d5 3. Nd2 g6 4. e5 Bf5 5. Ne2 Bg7 6. Ng3 Nh6 7. Be2 c5 8. c3 cxd4 9. cxd4 Nc6 10. Nb3 0-0 11. 0-0 Rc8 12. Bf4 Qb6 13. Qd2 Ng4 14. Nxf5 gxf5 15. h3 Ngxe5 16. dxe5 Rfd8 17. Bh6 Nxe5 18. Bxg7 Kxg7 19. Qg5+ Ng6 20. Qxf5 e6 21. Qd3 Kh8 22. Rac1 Nf4 23. Qd2 Qd6 24. Nd4 Rxc1 25. Rxc1 Rg8 26. Bf3 Nxh3+ 27. Kf1 Nf4 28. Qc3 Qe5 29. Ne2 Ng6 30. Qc7 1-0

[Event "GER-ch U25-B"]
[Site "Willingen"]
[Date "2023.05.31"]
[Round "6"]
[White "Klahold, Rona"]
[Black "Fock, Madiha"]
[Result "1-0"]
[WhiteElo "1592"]
[BlackElo "1493"]
[PlyCount "89"]
[EventDate "2023.05.27"]
[EventType "swiss"]
[EventRounds "9"]
[EventCountry "GER"]
[SourceTitle "CBM 214 Extra"]
[Source "ChessBase"]
[SourceDate "2023.07.31"]
[SourceVersion "1"]
[SourceVersionDate "2023.07.31"]
[SourceQuality "1"]

1. d4 Nf6 2. Bf4 d5 3. e3 c5 4. c3 Qb6 5. Qc2 Nc6 6. Nd2 Bg4 7. Ngf3 e6 8. Be2 Be7 9. 0-0 0-0 10. Rab1 c4 11. Qc1 Bf5 12. Ra1 Na5 13. Nh4 Bg4 14. f3 Bh5 15. g4 Bg6 16. Nxg6 fxg6 17. e4 Nd7 18. Be3 Rf7 19. Qc2 Raf8 20. b3 cxb3 21. axb3 Bd6 22. c4 Qc7 23. Rf2 Bb4 24. Ra4 Nc6 25. cxd5 Bxd2 26. Bxd2 exd5 27. exd5 Nb6 28. dxc6 Nxa4 29. bxa4 Kh8 30. Bb4 Rc8 31. d5 bxc6 32. d6 Qd7 33. Bc4 Rf6 34. Bc5 h5 35. h3 Rcf8 36. Qd3 g5 37. Qe3 hxg4 38. hxg4 Rh6 39. Qxg5 Re8 40. Kg2 Re1 41. Rf1 Rxf1 42. Kxf1 Qb7 43. Qd8+ Kh7 44. Bd3+ Rg6 45. Qh4+ 1-0

[Event "GER-chT U14"]
[Site "Willingen"]
[Date "2022.08.15"]
[Round "5.5"]
[White "Fock, Madiha"]
[Black "Schoen, Florian"]
[Result "1/2-1/2"]
[WhiteElo "1472"]
[BlackElo "1702"]
[PlyCount "114"]
[EventDate "2022.08.13"]
[EventType "team-swiss"]
[EventRounds "7"]
[EventCountry "GER"]
[SourceTitle "EXT 2023"]
[Source "ChessBase"]
[SourceDate "2022.10.05"]
[SourceVersion "1"]
[SourceVersionDate "2022.10.05"]
[SourceQuality "1"]
[WhiteTeam "Oberschoeneweide"]
[BlackTeam "Leipzig VfB"]
[WhiteTeamCountry "GER"]
[BlackTeamCountry "GER"]

1. e4 e5 2. Nf3 Nc6 3. Nc3 Nf6 4. d4 exd4 5. Nxd4 Nxe4 6. Nxe4 Qe7 7. f3 d5 8. Bb5 Bd7 9. 0-0 dxe4 10. Bxc6 bxc6 11. fxe4 g6 12. Qf3 Bg7 13. c3 0-0 14. Bf4 Rab8 15. Rab1 Rb7 16. e5 Qc5 17. b4 Qd5 18. Qe2 c5 19. Qf3 Qxf3 20. Nxf3 Bf5 21. Rb2 cxb4 22. cxb4 c5 23. a3 Rfb8 24. Be3 cxb4 25. Rxb4 Rxb4 26. axb4 Rxb4 27. Bxa7 Rb1 28. Rxb1 Bxb1 29. Kf2 Kf8 30. Bc5+ Ke8 31. Ke3 h6 32. Kd4 Kd7 33. h3 Ke6 34. g4 Bc2 35. Ba7 Bd1 36. Ne1 Bxe5+ 37. Ke4 Ba4 38. Be3 Bc6+ 39. Kd3 g5 40. Ke2 Be4 41. Bc5 Bd6 42. Bd4 f6 43. Ke3 Bh1 44. Kf2 Bb4 45. Ng2 Bxg2 46. Kxg2 Bf8 47. Kf3 f5 48. Bc3 f4 49. Bb2 Kf7 50. Bc3 Bg7 51. Bb4 Ke6 52. Ba5 Kd5 53. Bd8 Kd4 54. h4 gxh4 55. Bxh4 Be5 56. g5 h5 57. g6 Kd5 1/2-1/2

[Event "GER-ch U14 Girls"]
[Site "Willingen"]
[Date "2022.06.10"]
[Round "8"]
[White "Stepanjan, Marianne"]
[Black "Fock, Madiha"]
[Result "1-0"]
[WhiteElo "1489"]
[BlackElo "1468"]
[PlyCount "113"]
[EventDate "2022.06.04"]
[EventType "swiss"]
[EventRounds "9"]
[EventCountry "GER"]
[SourceTitle "CBM 208 Extra"]
[Source "ChessBase"]
[SourceDate "2022.07.31"]
[SourceVersion "1"]
[SourceVersionDate "2022.07.31"]
[SourceQuality "1"]

1. e4 c5 2. Nf3 d6 3. d4 cxd4 4. Nxd4 Nf6 5. Nc3 a6 6. Be2 Qc7 7. 0-0 b5 8. a3 Bb7 9. Bd3 e6 10. f4 Nbd7 11. Bd2 Qb6 12. Be3 Be7 13. Nf5 Qa5 14. Nxg7+ Kf8 15. Nh5 b4 16. Nxf6 Nxf6 17. axb4 Qxb4 18. Qc1 Bc8 19. Nb5 d5 20. c3 Qb3 21. e5 Ne8 22. Ra5 Rb8 23. Bc2 Qc4 24. b3 Qc6 25. Na7 Qxc3 26. Ra2 Bb7 27. Qe1 Qxe1 28. Rxe1 h5 29. f5 Rg8 30. Bd3 Nc7 31. f6 Bb4 32. Rc1 Nb5 33. Nxb5 axb5 34. Bxb5 Ba8 35. Bc6 Bxc6 36. Rxc6 h4 37. h3 Rg3 38. Bf2 Rxb3 39. Bxh4 Re3 40. Rc7 Rxe5 41. Raa7 Ke8 42. Bg3 Rf5 43. Re7+ Bxe7 44. Rxe7+ Kd8 45. Bxb8 Rxf6 46. Ra7 Rf5 47. g4 Rf6 48. Bg3 Rh6 49. Kg2 Ke8 50. h4 f6 51. h5 f5 52. Bf4 Rf6 53. g5 Rf7 54. Ra8+ Ke7 55. Ra7+ Kf8 56. Rxf7+ Kxf7 57. Kf3 1-0

[Event "GER-chT Christmas U20 Girls"]
[Site "Playchess.com INT"]
[Date "2020.12.29"]
[Round "3.3"]
[White "Evering, Enna"]
[Black "Fock, Madiha"]
[Result "1/2-1/2"]
[WhiteElo "1568"]
[BlackElo "1278"]
[PlyCount "93"]
[EventDate "2020.12.29"]
[EventType "team-swiss (blitz)"]
[EventRounds "7"]
[EventCountry "GER"]
[SourceTitle "CBM 200 Extra"]
[Source "ChessBase"]
[SourceDate "2021.03.31"]
[SourceVersion "1"]
[SourceVersionDate "2021.03.31"]
[SourceQuality "1"]
[WhiteTeam "Papenburg"]
[BlackTeam "Oberschoeneweide"]
[WhiteTeamCountry "GER"]
[BlackTeamCountry "GER"]

1. e4 d5 2. exd5 Qxd5 3. Nc3 Qd6 4. d4 c6 5. Nf3 Bg4 6. Be3 e6 7. Be2 Nf6 8. 0-0 Qc7 9. h3 Bh5 10. Ne5 Bxe2 11. Qxe2 Bd6 12. Bg5 Nbd7 13. Bxf6 Nxf6 14. Rad1 0-0 15. Rfe1 Rad8 16. Ne4 Be7 17. c3 Nxe4 18. Qxe4 Bf6 19. Re3 Bxe5 20. Qxe5 Qxe5 21. Rxe5 Rd5 22. Rde1 Rfd8 23. Kf1 Rxe5 24. Rxe5 Rd5 25. Rxd5 cxd5 26. Ke2 Kf8 27. Kd2 Ke7 28. Kc2 Kd6 29. Kb3 f6 30. Kb4 Kc6 31. c4 dxc4 32. Kxc4 b5+ 33. Kb4 Kb6 34. b3 a5+ 35. Kc3 Kc6 36. a4 bxa4 37. bxa4 Kd5 38. f3 e5 39. dxe5 fxe5 40. Kd3 g6 41. g3 g5 42. h4 h6 43. h5 Kc5 44. Kc3 Kd5 45. Kd3 Kc5 46. Kc3 Kd5 47. Kd3 1/2-1/2

[Event "GER-ch U12 Girls"]
[Site "Willingen"]
[Date "2020.10.28"]
[Round "2"]
[White "Fock, Madiha"]
[Black "Trunz, Michelle"]
[Result "1/2-1/2"]
[WhiteElo "1258"]
[BlackElo "1662"]
[PlyCount "142"]
[EventDate "2020.10.26"]
[EventType "swiss"]
[EventRounds "7"]
[EventCountry "GER"]
[SourceTitle "CBM 199 Extra"]
[Source "ChessBase"]
[SourceDate "2021.01.31"]
[SourceVersion "1"]
[SourceVersionDate "2021.01.31"]
[SourceQuality "1"]

1. e4 c5 2. Nc3 d6 3. f4 g6 4. Nf3 Bg7 5. Bb5+ Bd7 6. Bc4 e6 7. d3 Ne7 8. 0-0 0-0 9. Qe1 a6 10. f5 b5 11. fxe6 bxc4 12. exd7 cxd3 13. cxd3 Nxd7 14. Bf4 Ne5 15. Qe3 Ng4 16. Qe2 Nc6 17. Nd5 Nge5 18. Be3 Nxf3+ 19. Rxf3 Rb8 20. Rb1 Nb4 21. Nxb4 Rxb4 22. b3 a5 23. Qc2 Qc7 24. Bd2 Rb7 25. Bc3 f6 26. Qd2 Ra7 27. Kh1 a4 28. b4 cxb4 29. Bxb4 Rc8 30. Rff1 Qd7 31. a3 Qe6 32. Rfc1 Rac7 33. Rxc7 Rxc7 34. Rc1 Qc8 35. Rxc7 Qxc7 36. Qc3 Qxc3 37. Bxc3 Kf7 38. Kg1 Ke6 39. Kf2 Bh6 40. Ke2 Bc1 41. Bb4 d5 42. Kf3 d4 43. g4 Ke5 44. h3 g5 45. Bf8 Bb2 46. Bb4 Bc1 47. Bf8 Bd2 48. Bc5 Ba5 49. Bf8 Bb6 50. Bb4 Ke6 51. Bf8 Bc7 52. Bc5 Be5 53. Ke2 Kf7 54. Kf3 Kg6 55. Kf2 h5 56. Kf3 h4 57. Kf2 Kf7 58. Bb4 Ke6 59. Bd2 Bc7 60. Bc1 Bg3+ 61. Ke2 Ke5 62. Kf1 Ke6 63. Ke2 Bd6 64. Kf3 Ke5 65. Ke2 Bc7 66. Bd2 Ke6 67. Kf3 Kd7 68. Ke2 Kc6 69. Kf3 Kb5 70. Ke2 Bd6 71. Bc1 Bc5 1/2-1/2

[Event "GER-chT School WK Girls"]
[Site "Playchess.com INT"]
[Date "2020.06.17"]
[Round "6.3"]
[White "Fock, Madiha"]
[Black "Isselhard, Maike"]
[Result "0-1"]
[WhiteElo "1699"]
[BlackElo "1746"]
[PlyCount "132"]
[EventDate "2020.06.10"]
[EventType "team-swiss (blitz)"]
[EventRounds "7"]
[EventCountry "GER"]
[SourceTitle "EXT 2021"]
[Source "ChessBase"]
[SourceDate "2020.10.23"]
[SourceVersion "1"]
[SourceVersionDate "2020.10.23"]
[SourceQuality "1"]
[WhiteTeam "Berlin Kollwith Gymn"]
[BlackTeam "Fuerth HBS"]
[WhiteTeamCountry "GER"]
[BlackTeamCountry "GER"]

1. e4 e5 2. Nf3 Nc6 3. d4 d5 4. dxe5 Nge7 5. Bb5 Bg4 6. h3 Bxf3 7. Qxf3 Qd7 8. exd5 Nxd5 9. 0-0 Bc5 10. c4 Ndb4 11. Na3 0-0-0 12. Be3 Bxe3 13. Qxe3 Kb8 14. Qf3 Qe6 15. Bxc6 Nxc6 16. Rfe1 Nxe5 17. Qe3 Rhe8 18. Nb5 Qb6 19. Qxb6 axb6 20. f4 Nxc4 21. Rxe8 Rxe8 22. Rc1 Nxb2 23. Rxc7 Ka8 24. Rxf7 Re1+ 25. Kf2 Nd3+ 26. Kf3 Ne5+ 27. Kf2 Nxf7 28. Kxe1 Kb8 29. Kd2 Kc8 30. Kd3 Kd7 31. Ke4 Ke6 32. g4 g6 33. Nd4+ Kd6 34. f5 Ng5+ 35. Ke3 Nxh3 36. fxg6 hxg6 37. Nf3 Ke6 38. Kd4 Nf4 39. Ng5+ Kf6 40. Ne4+ Ke6 41. Ng5+ Kd6 42. Ne4+ Kc6 43. Nc3 Ne6+ 44. Kc4 Nc7 45. a4 g5 46. Nb5 Nxb5 47. axb5+ Kc7 48. Kb4 Kd6 49. Kc4 Ke5 50. Kb4 Kf4 51. Kc4 Kxg4 52. Kd5 Kf4 53. Kd6 g4 54. Kc7 g3 55. Kxb7 g2 56. Kxb6 g1Q+ 57. Ka6 Qg6+ 58. b6 Ke5 59. Ka7 Qf7+ 60. b7 Qa2+ 61. Kb8 Kd6 62. Kc8 Qc4+ 63. Kb8 Qc5 64. Ka8 Qa5+ 65. Kb8 Kc6 66. Kc8 Qc7# 0-1

[Event "GER Cup Net Final-C U1600"]
[Site "Playchess.com INT"]
[Date "2020.06.06"]
[Round "1"]
[White "Haase, Alexander"]
[Black "Fock, Madiha"]
[Result "0-1"]
[WhiteElo "1363"]
[BlackElo "1539"]
[PlyCount "86"]
[EventDate "2020.06.06"]
[EventType "swiss (blitz)"]
[EventRounds "13"]
[EventCountry "GER"]
[SourceTitle "CBM 197 Extra"]
[Source "ChessBase"]
[SourceDate "2020.09.30"]
[SourceVersion "1"]
[SourceVersionDate "2020.09.30"]
[SourceQuality "1"]

1. e4 d5 2. exd5 Qxd5 3. Nc3 Qd6 4. Nf3 c6 5. d4 Bg4 6. Be3 Nf6 7. h3 Bh5 8. Bc4 e6 9. 0-0 Qc7 10. Qd3 Bxf3 11. gxf3 Bd6 12. Kg2 Nh5 13. Rg1 Nf4+ 14. Kf1 Nxd3 15. Bxd3 Nd7 16. Ke2 g6 17. Rge1 0-0-0 18. Bg5 f6 19. Bh6 Rde8 20. Kd2 Bf4+ 21. Bxf4 Qxf4+ 22. Kd1 Qxf3+ 23. Kd2 Qxf2+ 24. Re2 Qxd4 25. Rae1 e5 26. Nd1 Nc5 27. Ne3 e4 28. Ng4 f5 29. Nf2 Nxd3 30. Nxd3 Rd8 31. Re3 exd3 32. Rxd3 Qf4+ 33. Ree3 Rxd3+ 34. Kxd3 Rd8+ 35. Ke2 Qh2+ 36. Kf3 g5 37. c3 h5 38. Re2 g4+ 39. Ke3 Re8+ 40. Kd3 Qxe2+ 41. Kd4 Qe4+ 42. Kc5 Re5+ 43. Kd6 Qd5# 0-1

[Event "GER Cup Net Final-C U1600"]
[Site "Playchess.com INT"]
[Date "2020.06.06"]
[Round "8"]
[White "Muehlbauer, Adrian"]
[Black "Fock, Madiha"]
[Result "1-0"]
[WhiteElo "1638"]
[BlackElo "1539"]
[PlyCount "159"]
[EventDate "2020.06.06"]
[EventType "swiss (blitz)"]
[EventRounds "13"]
[EventCountry "GER"]
[SourceTitle "CBM 197 Extra"]
[Source "ChessBase"]
[SourceDate "2020.09.30"]
[SourceVersion "1"]
[SourceVersionDate "2020.09.30"]
[SourceQuality "1"]

1. e4 d5 2. exd5 Qxd5 3. Nc3 Qd6 4. d4 c6 5. Nf3 Bg4 6. Be2 Nf6 7. h3 Bh5 8. 0-0 e6 9. Be3 Qc7 10. Qd2 Bd6 11. Ng5 Bxe2 12. Qxe2 Nbd7 13. Nge4 Nxe4 14. Nxe4 Bf4 15. Bxf4 Qxf4 16. Rad1 0-0 17. Nc3 Nb6 18. Rfe1 Nd5 19. Nxd5 cxd5 20. Qb5 b6 21. c3 Rac8 22. Qa6 Qc7 23. Qd3 Qc4 24. Qxc4 Rxc4 25. Rd3 Rfc8 26. Ree3 b5 27. b3 R4c6 28. Rg3 a5 29. Kf1 b4 30. cxb4 axb4 31. Rge3 Rc2 32. Re2 Rc1+ 33. Re1 R8c2 34. Rde3 Rxe1+ 35. Kxe1 Rxa2 36. Re2 Ra1+ 37. Kd2 Rg1 38. g3 Rh1 39. h4 Rb1 40. Kc2 Ra1 41. Kb2 Ra3 42. Rc2 Kf8 43. Rc7 Ke8 44. Rb7 Ra8 45. Rxb4 Rc8 46. Rb5 Kd8 47. Rc5 Rxc5 48. dxc5 Kc7 49. b4 Kc6 50. Kc3 e5 51. f4 f6 52. Kd3 h6 53. Ke3 g5 54. h5 g4 55. f5 d4+ 56. Kd3 Kb5 57. Ke4 Kc6 58. Kd3 Kb5 59. Ke2 e4 60. Kd2 e3+ 61. Ke2 Kc6 62. Kd3 Kb5 63. Kc2 Kc6 64. Kd1 d3 65. Ke1 e2 66. Kd2 Kb5 67. Ke1 Kxb4 68. c6 Kc3 69. c7 d2+ 70. Kxe2 d1Q+ 71. Kxd1 Kd3 72. c8Q Ke3 73. Qc7 Kf3 74. Qf4+ Kg2 75. Qxg4 Kh2 76. Ke1 Kh1 77. Qf3+ Kh2 78. Kf1 Kh3 79. Kf2 Kh2 80. Qg2# 1-0

[Event "GER Cup Net V2 U1600"]
[Site "Playchess.com INT"]
[Date "2020.05.22"]
[Round "6"]
[White "Hausmann, Heiko"]
[Black "Fock, Madiha"]
[Result "0-1"]
[WhiteElo "1502"]
[BlackElo "1662"]
[PlyCount "106"]
[EventDate "2020.05.22"]
[EventType "swiss (blitz)"]
[EventRounds "9"]
[EventCountry "GER"]
[SourceTitle "EXT 2021"]
[Source "ChessBase"]
[SourceDate "2020.10.23"]
[SourceVersion "1"]
[SourceVersionDate "2020.10.23"]
[SourceQuality "1"]

1. e4 d5 2. exd5 Qxd5 3. Nc3 Qd6 4. Nf3 c6 5. Bc4 Bg4 6. 0-0 Nf6 7. Ne4 Nxe4 8. Re1 Nf6 9. h3 Bh5 10. d3 e6 11. Bg5 Nbd7 12. Qe2 Qc7 13. Rad1 Bd6 14. g4 Bg6 15. h4 h6 16. Bxf6 Nxf6 17. h5 Bh7 18. Bxe6 fxe6 19. Qxe6+ Qe7 20. Qc4 0-0-0 21. Rxe7 Bxe7 22. Qe6+ Rd7 23. Ne5 Rhd8 24. Nxd7 Rxd7 25. Re1 Bc5 26. c3 Bxd3 27. a3 a5 28. Rd1 Bh7 29. Rxd7 Nxd7 30. Qe8+ Kc7 31. b4 axb4 32. cxb4 Bd6 33. Qf7 Be5 34. f4 Bf6 35. Kg2 Be4+ 36. Kf2 Bd4+ 37. Ke2 Bb2 38. Qe6 Bd5 39. Qe3 Nf6 40. Qe7+ Nd7 41. Qe3 b6 42. a4 c5 43. bxc5 Nxc5 44. Qe7+ Nd7 45. a5 bxa5 46. Qe8 a4 47. g5 hxg5 48. fxg5 a3 49. h6 gxh6 50. gxh6 a2 51. h7 a1Q 52. Qg6 Bc4+ 53. Kd2 Qc1# 0-1

[Event "GER-ch U18 sf Berlin Online"]
[Site "Playchess.com INT"]
[Date "2020.05.01"]
[Round "4"]
[White "Canno, Clara Yumi"]
[Black "Fock, Madiha"]
[Result "0-1"]
[WhiteElo "1620"]
[BlackElo "1749"]
[PlyCount "78"]
[EventDate "2020.05.01"]
[EventType "swiss (blitz)"]
[EventRounds "13"]
[EventCountry "GER"]
[SourceTitle "CBM 195 Extra"]
[Source "ChessBase"]
[SourceDate "2020.05.31"]
[SourceVersion "1"]
[SourceVersionDate "2020.05.31"]
[SourceQuality "1"]

1. e4 d5 2. exd5 Qxd5 3. Nc3 Qd6 4. d3 c6 5. Nf3 Bg4 6. Be3 Nf6 7. h3 Bh5 8. Be2 e6 9. 0-0 Qc7 10. Nd4 Bxe2 11. Qxe2 Bd6 12. f4 Nbd7 13. Rad1 0-0 14. Ne4 e5 15. fxe5 Bxe5 16. Nxf6+ Nxf6 17. Nf3 Bxb2 18. Bc5 Rfe8 19. Qf2 Be5 20. Nxe5 Rxe5 21. Be3 Re6 22. Qf5 Rxe3 23. Rfe1 Rxe1+ 24. Rxe1 Qd6 25. Qa5 b6 26. Qa6 Re8 27. Rf1 Qd4+ 28. Kh1 h6 29. Qb7 c5 30. Qc6 Re2 31. Qc8+ Kh7 32. Qf5+ Kg8 33. Qc8+ Re8 34. Qf5 Qe5 35. Qg4 Nxg4 36. hxg4 Qg5 37. Rf3 Re1+ 38. Kh2 Qe5+ 39. Kh3 Rh1# 0-1

[Event "GER-ch U18 sf Berlin Online"]
[Site "Playchess.com INT"]
[Date "2020.05.01"]
[Round "11"]
[White "Danchishin, Kirill"]
[Black "Fock, Madiha"]
[Result "1/2-1/2"]
[WhiteElo "1620"]
[BlackElo "1749"]
[PlyCount "107"]
[EventDate "2020.05.01"]
[EventType "swiss (blitz)"]
[EventRounds "13"]
[EventCountry "GER"]
[SourceTitle "CBM 195 Extra"]
[Source "ChessBase"]
[SourceDate "2020.05.31"]
[SourceVersion "1"]
[SourceVersionDate "2020.05.31"]
[SourceQuality "1"]

1. d4 d5 2. c4 e6 3. Nc3 Nf6 4. e3 b6 5. Nf3 Bb7 6. cxd5 exd5 7. b3 Bb4 8. Bb2 Ne4 9. Rc1 0-0 10. a3 Nxc3 11. Bxc3 Bxa3 12. Rc2 Bd6 13. Bd3 Nd7 14. 0-0 Nf6 15. Qc1 c5 16. dxc5 bxc5 17. Bb5 Be7 18. Bxf6 Bxf6 19. Rxc5 Rc8 20. Qc2 Be7 21. Rxc8 Qxc8 22. Rc1 Qxc2 23. Rxc2 Rc8 24. Rxc8+ Bxc8 25. Nd4 Bc5 26. Bc6 Be6 27. Nxe6 fxe6 28. Kf1 Kf7 29. Ke2 Kf6 30. Kd3 Ke7 31. f3 Kd6 32. Ba4 g5 33. g4 h6 34. e4 e5 35. exd5 Kxd5 36. h3 a5 37. Bb5 Bb4 38. Bc4+ Kd6 39. Ke4 Bd2 40. Bb5 Bf4 41. Bc4 Kc5 42. Be6 Kb4 43. Kf5 Kc3 44. Kg6 Kd3 45. Kxh6 Ke3 46. Bd5 Kf2 47. Kg6 Kg3 48. Kf5 Kxh3 49. Ke4 Kg3 50. Kd3 Kf2 51. Kc4 Bd2 52. Kd3 Be3 53. Ke4 Bf4 54. Kd3 1/2-1/2